[Event "17. Open de Sants Hostafrancs 2015"]
[Site "Barcelona ESP"]
[Date "2015.08.22"]
[Round "2.2"]
[White "Minko, Vladimir"]
[Black "Bachmann, Axel"]
[Result "0-1"]
[WhiteElo "2268"]
[BlackElo "2623"]
[PlyCount "64"]
[EventDate "2015.08.21"]
[EventType "swiss"]
[EventRounds "10"]
[EventCountry "ESP"]
[SourceTitle "Ajedrez en Madrid"]
[Source "lmi"]
[SourceDate "2015.08.21"]
[WhiteClock "0:22:38"]
[BlackClock "0:05:49"]

1. d4 g6 2. c4 Bg7 3. g3 d6 4. Bg2 Nf6 5. Nf3 O-O 6. Nc3 Nbd7 7. O-O e5 8. h3
Re8 9. e4 exd4 10. Nxd4 a6 11. Be3 Rb8 12. a4 Nc5 13. f3 a5 14. Ndb5 Be6 15. e5
Nfd7 16. exd6 c6 17. Nc7 Bxc4 18. Nxe8 Qxe8 19. Bxc5 Bxf1 20. Bd4 Bxg2 21. Kxg2
Bf8 22. Ne4 Qe6 23. Bc3 Bg7 24. Bxg7 Kxg7 25. Qd4+ Kg8 26. Re1 f5 27. Ng5 Qxe1
28. Qc4+ Kh8 29. Qd4+ Ne5 30. Nf7+ Kg8 31. Nxe5 Qb4 32. Qe3 Qxd6 0-1

[Event "17. Open de Sants Hostafrancs 2015"]
[Site "Barcelona ESP"]
[Date "2015.08.22"]
[Round "2.3"]
[White "Potkin, Vladimir"]
[Black "Gutierrez Clares, Joaquim"]
[Result "1-0"]
[WhiteElo "2599"]
[BlackElo "2268"]
[PlyCount "48"]
[EventDate "2015.08.21"]
[EventType "swiss"]
[EventRounds "10"]
[EventCountry "ESP"]
[SourceTitle "Ajedrez en Madrid"]
[Source "lmi"]
[SourceDate "2015.08.21"]
[WhiteClock "0:02:06"]
[BlackClock "0:19:24"]

1. e4 c5 2. Nf3 e6 3. d4 cxd4 4. Nxd4 Nc6 5. Nc3 Qc7 6. Be3 a6 7. Qf3 Nf6 8.
O-O-O Bb4 9. Nxc6 Qxc6 10. Bd4 Bxc3 11. Bxc3 Qxe4 12. Qxe4 Nxe4 13. Bxg7 Rg8
14. Bd4 d6 15. Bd3 f5 16. g4 e5 17. gxf5 Nf6 18. Bc3 Rg4 19. Rhg1 Rf4 20. Rg7
Kf8 21. Rc7 Rh4 22. Bc4 Bd7 23. Rxd6 Ke7 24. Bxe5 Kd8 1-0

[Event "17. Open de Sants Hostafrancs 2015"]
[Site "Barcelona ESP"]
[Date "2015.08.22"]
[Round "2.4"]
[White "Gomez Jurado, Luis Alberto"]
[Black "Piorun, Kacper"]
[Result "0-1"]
[WhiteElo "2267"]
[BlackElo "2592"]
[PlyCount "85"]
[EventDate "2015.08.21"]
[EventType "swiss"]
[EventRounds "10"]
[EventCountry "ESP"]
[SourceTitle "Ajedrez en Madrid"]
[Source "lmi"]
[SourceDate "2015.08.21"]
[WhiteClock "0:43:19"]
[BlackClock "0:40:44"]

1. c4 g6 2. g3 Bg7 3. Nc3 d6 4. Bg2 e5 5. e4 Nc6 6. Nge2 f5 7. d3 Nf6 8. Nd5
O-O 9. Bg5 Be6 10. Qd2 Qd7 11. O-O Nh5 12. f3 Nd8 13. exf5 gxf5 14. f4 c6 15.
Ne3 Nf7 16. Bh4 exf4 17. gxf4 d5 18. cxd5 cxd5 19. Bf3 Nf6 20. Bxf6 Bxf6 21. d4
Nd8 22. Kh1 Kh8 23. Rad1 Nc6 24. Qd3 Bg7 25. Rg1 Bh6 26. Bg2 Ne7 27. Rdf1 Rad8
28. Bh3 Nc8 29. Bg2 Nd6 30. Nxd5 Qf7 31. Ne3 Bxa2 32. d5 Rfe8 33. Nc1 Bb1 34.
Qxb1 Rxe3 35. Nd3 Ne4 36. Bxe4 Rxe4 37. Nc5 Re2 38. Qd3 Qxd5+ 39. Qxd5 Rxd5 40.
Rd1 Bxf4 41. Rg8+ Kxg8 42. Rxd5 Rxh2+ 43. Kg1 0-1

[Event "17. Open de Sants Hostafrancs 2015"]
[Site "Barcelona ESP"]
[Date "2015.08.22"]
[Round "2.5"]
[White "Vocaturo, Daniele"]
[Black "Martinez Lopez, Ivan"]
[Result "1-0"]
[WhiteElo "2578"]
[BlackElo "2267"]
[PlyCount "63"]
[EventDate "2015.08.21"]
[EventType "swiss"]
[EventRounds "10"]
[EventCountry "ESP"]
[SourceTitle "Ajedrez en Madrid"]
[Source "lmi"]
[SourceDate "2015.08.21"]
[WhiteClock "0:00:53"]
[BlackClock "0:47:33"]

1. e4 e5 2. Nf3 Nc6 3. d4 exd4 4. Bc4 Nf6 5. e5 d5 6. Bb5 Ne4 7. Nxd4 Bd7 8.
Bxc6 bxc6 9. O-O Bc5 10. f3 Ng5 11. f4 Ne4 12. Be3 O-O 13. Nd2 f6 14. Nxe4 dxe4
15. Qe2 Qe7 16. Qc4+ Kh8 17. Nf5 Bxe3+ 18. Nxe3 Rab8 19. b3 Rb4 20. Qc3 h6 21.
Rad1 a5 22. exf6 Rxf6 23. Qe5 Re6 24. Qxa5 Rb5 25. Qxc7 Qc5 26. Rfe1 Be8 27.
Qc8 Qe7 28. Qd8 Qc5 29. f5 Re5 30. f6 gxf6 31. Qxf6+ Kh7 32. Rd6 1-0

[Event "17. Open de Sants Hostafrancs 2015"]
[Site "Barcelona ESP"]
[Date "2015.08.22"]
[Round "2.6"]
[White "Serarols Mabras, Bernat"]
[Black "Dragun, Kamil"]
[Result "0-1"]
[WhiteElo "2260"]
[BlackElo "2572"]
[PlyCount "72"]
[EventDate "2015.08.21"]
[EventType "swiss"]
[EventRounds "10"]
[EventCountry "ESP"]
[SourceTitle "Ajedrez en Madrid"]
[Source "lmi"]
[SourceDate "2015.08.21"]
[WhiteClock "0:12:36"]
[BlackClock "0:00:42"]

1. d4 Nf6 2. c4 e6 3. Nc3 Bb4 4. e3 O-O 5. Nge2 Re8 6. a3 Bf8 7. Ng3 d5 8. cxd5
exd5 9. Be2 a5 10. O-O c6 11. b3 g6 12. Bb2 h5 13. Re1 h4 14. Nf1 Bf5 15. Na2
Ne4 16. Nc1 Nd7 17. Nd3 Bd6 18. Nd2 Nxd2 19. Qxd2 Qg5 20. Ne5 Qe7 21. Nxd7 Bxd7
22. Bc3 a4 23. Bb4 Bxb4 24. axb4 axb3 25. Qc3 h3 26. g3 Qe4 27. Bf1 Qc2 28.
Rac1 Qxc3 29. Rxc3 b2 30. Rb1 Ra1 31. Rxb2 Rea8 32. f3 Re1 33. Rcb3 Raa1 34.
Rf2 Bf5 35. g4 Bc2 36. Rc3 Ba4 0-1

[Event "17. Open de Sants Hostafrancs 2015"]
[Site "Barcelona ESP"]
[Date "2015.08.22"]
[Round "2.7"]
[White "Caille, Hugo"]
[Black "Peralta, Fernando"]
[Result "0-1"]
[WhiteElo "2255"]
[BlackElo "2564"]
[PlyCount "78"]
[EventDate "2015.08.21"]
[EventType "swiss"]
[EventRounds "10"]
[EventCountry "ESP"]
[SourceTitle "Ajedrez en Madrid"]
[Source "lmi"]
[SourceDate "2015.08.21"]
[WhiteClock "0:05:38"]
[BlackClock "0:05:44"]

1. e4 d6 2. d4 Nf6 3. Nc3 g6 4. g3 Bg7 5. Bg2 O-O 6. Nge2 e5 7. dxe5 dxe5 8.
Qxd8 Rxd8 9. Bg5 c6 10. O-O Nbd7 11. Rad1 Re8 12. a4 Nc5 13. b3 Ne6 14. Bc1 Nd4
15. Nxd4 exd4 16. Rxd4 Nd7 17. Rd3 Nc5 18. Re3 Bd4 19. Rd1 Bxe3 20. Bxe3 Na6
21. Ne2 f5 22. e5 Nc7 23. f4 Be6 24. c4 Red8 25. Rxd8+ Rxd8 26. Bxa7 Rd1+ 27.
Bf1 Rb1 28. Nd4 Bd7 29. Kf2 Ne6 30. Bd3 Rb2+ 31. Ke3 Nxd4 32. Kxd4 Rxb3 33. Bc2
Rf3 34. Kc5 Be6 35. Kd6 Kf7 36. Bd4 Bxc4 37. a5 Ra3 38. Bb6 Ra2 39. Bb1 Rb2 0-1

[Event "17. Open de Sants Hostafrancs 2015"]
[Site "Barcelona ESP"]
[Date "2015.08.22"]
[Round "2.8"]
[White "Burmakin, Vladimir"]
[Black "Adel Lahchaichi, Oussama"]
[Result "1-0"]
[WhiteElo "2558"]
[BlackElo "2258"]
[PlyCount "83"]
[EventDate "2015.08.21"]
[EventType "swiss"]
[EventRounds "10"]
[EventCountry "ESP"]
[SourceTitle "Ajedrez en Madrid"]
[Source "lmi"]
[SourceDate "2015.08.21"]
[WhiteClock "0:28:54"]
[BlackClock "0:43:42"]

1. d4 d5 2. Nf3 c6 3. c4 Nf6 4. Qb3 dxc4 5. Qxc4 Bf5 6. g3 e6 7. Bg2 Nbd7 8.
O-O Be7 9. Nc3 O-O 10. Re1 Ne4 11. Qb3 Qb6 12. Nh4 Bxh4 13. gxh4 Ndf6 14. f3
Nxc3 15. bxc3 e5 16. e4 Be6 17. Qb2 Qxb2 18. Bxb2 Nd7 19. Ba3 Rfe8 20. Bd6 f6
21. f4 exf4 22. Bxf4 Nb6 23. a4 Nc4 24. a5 Rad8 25. Reb1 Rd7 26. Ra4 Ree7 27.
d5 cxd5 28. exd5 Bf5 29. Rxc4 Bxb1 30. d6 Re8 31. Rc7 Rxc7 32. dxc7 Kf7 33.
Bxb7 Bf5 34. a6 Ke7 35. c4 Kd7 36. c5 Rc8 37. c6+ Ke7 38. Be3 Kd6 39. Bxa7 Kxc7
40. Be3 Re8 41. a7 Be4 42. Bf4+ 1-0

[Event "17. Open de Sants Hostafrancs 2015"]
[Site "Barcelona ESP"]
[Date "2015.08.22"]
[Round "2.9"]
[White "Pedini, Dario"]
[Black "Dvirnyy, Danyyil"]
[Result "0-1"]
[WhiteElo "2249"]
[BlackElo "2545"]
[PlyCount "104"]
[EventDate "2015.08.21"]
[EventType "swiss"]
[EventRounds "10"]
[EventCountry "ESP"]
[SourceTitle "Ajedrez en Madrid"]
[Source "lmi"]
[SourceDate "2015.08.21"]
[WhiteClock "0:19:28"]
[BlackClock "0:12:57"]

1. e4 e6 2. d4 d5 3. e5 c5 4. c3 Nc6 5. Nf3 Bd7 6. a3 f6 7. b4 fxe5 8. dxe5 Qc7
9. Bf4 Nh6 10. Bd3 O-O-O 11. Nbd2 Be7 12. Qe2 Rdf8 13. Bxh6 gxh6 14. b5 Na5 15.
c4 Be8 16. O-O Bh5 17. Qe3 Rhg8 18. Bxh7 Rh8 19. Bd3 dxc4 20. Be4 Bxf3 21. Nxf3
Nb3 22. Ra2 Qa5 23. a4 Rd8 24. g3 Rd7 25. Kg2 Kb8 26. Rb1 Bg5 27. Qe2 Qb4 28.
h4 Bd8 29. Rc2 c3 30. a5 Bxa5 31. Ra2 c4 32. Rxa5 Qxa5 33. Qxc4 Nd2 34. Qxe6
Rhd8 35. Nxd2 cxd2 36. Rd1 Qxb5 37. Qf5 Re7 38. e6 Qb4 39. Bf3 Qd4 40. h5 Qd6
41. Bg4 Qd5+ 42. Qxd5 Rxd5 43. f4 Kc7 44. f5 Kd6 45. Kf3 Ke5 46. Ke3 Kf6 47.
Ke4 Rd6 48. Be2 Rc7 49. g4 Rc1 50. g5+ hxg5 51. h6 Rxd1 52. Bxd1 Rd8 {Kd4 Ke5+}
0-1

[Event "17. Open de Sants Hostafrancs 2015"]
[Site "Barcelona ESP"]
[Date "2015.08.22"]
[Round "2.10"]
[White "Demuth, Adrien"]
[Black "Mingarro Carceller, Sergi"]
[Result "1-0"]
[WhiteElo "2541"]
[BlackElo "2255"]
[PlyCount "95"]
[EventDate "2015.08.21"]
[EventType "swiss"]
[EventRounds "10"]
[EventCountry "ESP"]
[SourceTitle "Ajedrez en Madrid"]
[Source "lmi"]
[SourceDate "2015.08.21"]
[WhiteClock "0:22:25"]
[BlackClock "0:11:15"]

1. Nf3 f5 2. d3 d6 3. e4 e5 4. Nc3 c5 5. g3 Nc6 6. Bh3 fxe4 7. Bxc8 Qxc8 8.
dxe4 Qg4 9. h3 Qg6 10. Nh4 Qf7 11. O-O O-O-O 12. Nd5 g6 13. c3 Be7 14. Ng2 Kb8
15. b4 cxb4 16. cxb4 Nf6 17. Be3 Nxe4 18. b5 Nd4 19. Bxd4 exd4 20. Nxe7 Nc3 21.
Qd2 Qxe7 22. Rfe1 Qf6 23. a4 g5 24. b6 a6 25. f4 Rhe8 26. Rxe8 Rxe8 27. Re1
Rxe1+ 28. Qxe1 Qd8 29. a5 h6 30. Qe6 Nb5 31. Qxh6 d3 32. Qxg5 Qc8 33. Qd5 Qc1+
34. Kh2 d2 35. Ne3 Kc8 36. Qg8+ Kd7 37. Qf7+ Kc6 38. Qd5+ Kd7 39. Qxb7+ Ke6 40.
Qe4+ Kd7 41. Qf5+ Ke7 42. b7 d1=Q 43. Qe4+ Kd7 44. Nxd1 Kc7 45. Nf2 Qd2 46. Kg2
Nc3 47. Qh7+ Kb8 48. Qd3 1-0

[Event "17. Open de Sants Hostafrancs 2015"]
[Site "Barcelona ESP"]
[Date "2015.08.22"]
[Round "2.11"]
[White "Kulon, Klaudia"]
[Black "Boruchovsky, Avital"]
[Result "0-1"]
[WhiteElo "2240"]
[BlackElo "2540"]
[PlyCount "132"]
[EventDate "2015.08.21"]
[EventType "swiss"]
[EventRounds "10"]
[EventCountry "ESP"]
[SourceTitle "Ajedrez en Madrid"]
[Source "lmi"]
[SourceDate "2015.08.21"]
[WhiteClock "0:03:27"]
[BlackClock "0:17:58"]

1. c4 e6 2. g3 d5 3. Bg2 Nf6 4. Nf3 Be7 5. d4 O-O 6. O-O c6 7. Qc2 b6 8. Nbd2
Nbd7 9. b3 Ba6 10. e4 Rc8 11. e5 Ne8 12. Re1 Nc7 13. Bb2 c5 14. dxc5 Nxc5 15.
Nd4 Qd7 16. b4 Na4 17. Ba3 Rfd8 18. Rad1 Bb7 19. Nb1 Qe8 20. Rd2 Na6 21. Nb5
Rxc4 22. Qxa4 Bxb4 23. Qb3 Nc5 24. Qb2 Na4 25. Qb3 Qxb5 26. Bf1 Nc5 27. Qxc4
Qxc4 28. Bxc4 Bxd2 29. Nxd2 dxc4 30. Nxc4 Bd5 31. Nd6 f6 32. f4 fxe5 33. fxe5
Rf8 34. Bxc5 bxc5 35. Rc1 c4 36. Rc2 h5 37. a4 h4 38. Nxc4 hxg3 39. hxg3 Rf3
40. Kh2 Rf1 41. g4 Ra1 42. Nd6 Rxa4 43. Kg3 g5 44. Rc8+ Kg7 45. Ne8+ Kf7 46.
Nd6+ Kg6 47. Rg8+ Kh6 48. Nf7+ Kh7 49. Rxg5 Ra3+ 50. Kh4 Ra1 51. Nd6 Rh1+ 52.
Kg3 Bc6 53. Nc8 Be8 54. Ne7 Bf7 55. Kg2 Rc1 56. Nf5 exf5 57. gxf5 Rc5 58. f6
Bg6 59. Kf3 Kh6 60. Rg1 Rxe5 61. Ra1 a5 62. Kf4 Rf5+ 63. Kg4 Rb5 64. Kf4 Bf7
65. Rg1 a4 66. Rg7 Rb7 0-1

[Event "17. Open de Sants Hostafrancs 2015"]
[Site "Barcelona ESP"]
[Date "2015.08.22"]
[Round "2.12"]
[White "Micottis, Dorian"]
[Black "Aroshidze, Levan"]
[Result "0-1"]
[WhiteElo "2228"]
[BlackElo "2535"]
[PlyCount "68"]
[EventDate "2015.08.21"]
[EventType "swiss"]
[EventRounds "10"]
[EventCountry "ESP"]
[SourceTitle "Ajedrez en Madrid"]
[Source "lmi"]
[SourceDate "2015.08.21"]
[WhiteClock "0:01:00"]
[BlackClock "0:00:35"]

1. e4 c5 2. Nf3 e6 3. d4 cxd4 4. Nxd4 a6 5. Nc3 Qc7 6. Qf3 Nf6 7. Be3 Bb4 8.
Nde2 O-O 9. O-O-O Be7 10. Qg3 d6 11. f4 Nbd7 12. Bd4 e5 13. Be3 Re8 14. Nd5
Nxd5 15. exd5 Bf6 16. Nc3 e4 17. Bd4 b5 18. Qe3 Bxd4 19. Qxd4 Nf6 20. Be2 Bb7
21. Kb1 Rac8 22. Rc1 Qa5 23. a3 Rxc3 24. Qxc3 Qxc3 25. bxc3 Nxd5 26. Rhe1 Nxc3+
27. Kb2 Rc8 28. Bg4 Na4+ 29. Ka2 Rc5 30. Re3 d5 31. c3 d4 32. Rd1 Bd5+ 33. c4
Rxc4 34. Ka1 dxe3 0-1

[Event "17. Open de Sants Hostafrancs 2015"]
[Site "Barcelona ESP"]
[Date "2015.08.22"]
[Round "2.13"]
[White "Libiszewski, Fabien"]
[Black "Ossa, Orlando"]
[Result "1/2-1/2"]
[WhiteElo "2533"]
[BlackElo "2249"]
[PlyCount "81"]
[EventDate "2015.08.21"]
[EventType "swiss"]
[EventRounds "10"]
[EventCountry "ESP"]
[SourceTitle "Ajedrez en Madrid"]
[Source "lmi"]
[SourceDate "2015.08.21"]

1. e4 e5 2. Nf3 Nc6 3. Bb5 Nf6 4. d3 Bc5 5. Bxc6 dxc6 6. Nbd2 O-O 7. Nc4 Ng4 8.
O-O f5 9. Bg5 Qe8 10. exf5 e4 11. Nh4 Qh5 12. h3 Qxg5 13. Qxg4 Be7 14. g3 exd3
15. Ne5 Bxf5 16. Qxg5 Bxg5 17. Nxf5 Rxf5 18. Nxd3 Bf6 19. f4 Rd5 20. Rae1 c5
21. Ne5 Bxe5 22. fxe5 Rd2 23. e6 Re8 24. Rf2 Rxf2 25. Kxf2 Kf8 26. Re5 b6 27.
Rf5+ Kg8 28. Re5 g6 29. g4 Kf8 30. Ke3 Ke7 31. g5 Kd6 32. Ke4 Rxe6 33. Rxe6+
Kxe6 34. c4 Kd6 35. a4 Ke6 36. b3 Kd6 37. h4 Ke6 38. Kf4 Kd6 39. Ke4 a6 40. Kf4
Ke6 41. Ke4 {Ke5+} 1/2-1/2

[Event "17. Open de Sants Hostafrancs 2015"]
[Site "Barcelona ESP"]
[Date "2015.08.22"]
[Round "2.14"]
[White "Fernandez, Maria Florencia"]
[Black "Kanarek, Marcel"]
[Result "0-1"]
[WhiteElo "2222"]
[BlackElo "2528"]
[PlyCount "116"]
[EventDate "2015.08.21"]
[EventType "swiss"]
[EventRounds "10"]
[EventCountry "ESP"]
[SourceTitle "Ajedrez en Madrid"]
[Source "lmi"]
[SourceDate "2015.08.21"]
[WhiteClock "0:01:15"]
[BlackClock "0:00:34"]

1. d4 Nf6 2. c4 g6 3. Nc3 Bg7 4. e4 d6 5. Nf3 O-O 6. Be2 e5 7. d5 a5 8. Bg5 h6
9. Be3 Ng4 10. Bd2 f5 11. h3 Nf6 12. exf5 gxf5 13. Qc1 f4 14. g3 e4 15. Nh4 e3
16. fxe3 fxg3 17. Ng6 Re8 18. Qc2 Na6 19. Nf4 Re5 20. Ne6 Bxe6 21. dxe6 Nc5 22.
Bf3 Nfe4 23. Nxe4 Qh4 24. Nf6+ Qxf6 25. O-O Qf5 26. Qxf5 Rxf5 27. e7 Re5 28.
Bd5+ Kh7 29. Rf7 Re8 30. Bc3 R5xe7 31. Raf1 c6 32. Bxg7 cxd5 33. Bd4+ Rxf7 34.
Rxf7+ Kg6 35. Rg7+ Kf5 36. cxd5 Ne4 37. Rxb7 Rc8 38. Rf7+ Kg5 39. Rf4 Nf2 40.
Kg2 Nd3 41. Rg4+ Kh5 42. Kxg3 Rc2 43. Bc3 Nxb2 44. Bxa5 Nc4 45. Bb4 Nxe3 46.
Rf4 Rxa2 47. Kf3 Ng2 48. Rf6 Nh4+ 49. Ke3 Kg5 50. Re6 Rh2 51. Bxd6 Nf5+ 52. Kf3
Rxh3+ 53. Kg2 Rd3 54. Re5 Kf4 55. Bb8 Ne3+ 56. Kg1 Kf3 57. Re6 Rd1+ 58. Kh2
Ng4+ 0-1

[Event "17. Open de Sants Hostafrancs 2015"]
[Site "Barcelona ESP"]
[Date "2015.08.22"]
[Round "2.15"]
[White "Riff, Jean-Noel"]
[Black "Gonzalez Valero, Julio"]
[Result "1-0"]
[WhiteElo "2519"]
[BlackElo "2246"]
[PlyCount "77"]
[EventDate "2015.08.21"]
[EventType "swiss"]
[EventRounds "10"]
[EventCountry "ESP"]
[SourceTitle "Ajedrez en Madrid"]
[Source "lmi"]
[SourceDate "2015.08.21"]

1. e4 c5 2. Nf3 Nc6 3. Bb5 g6 4. O-O Bg7 5. c3 Nf6 6. Re1 O-O 7. h3 d5 8. e5
Ne8 9. d4 Qa5 10. Bf1 cxd4 11. cxd4 b5 12. Nbd2 Nc7 13. Nb3 Qb6 14. Be3 Ne6 15.
Rc1 Rd8 16. Ng5 Na5 17. Qf3 Nxg5 18. Bxg5 Nxb3 19. Qxb3 Bf8 20. Rc5 a6 21. a4
Qa5 22. Ra1 h6 23. Be3 e6 24. Rcc1 Bd7 25. axb5 Qb6 26. Bd2 axb5 27. Qd3 b4 28.
h4 h5 29. Be2 Rdc8 30. g4 hxg4 31. Bxg4 Bb5 32. Qe3 Rxa1 33. Rxa1 Qd8 34. Qg3
Rc2 35. Bxe6 fxe6 36. Qxg6+ Bg7 37. Qxc2 Qxh4 38. Ra8+ Kf7 39. Ra7+ 1-0

[Event "17. Open de Sants Hostafrancs 2015"]
[Site "Barcelona ESP"]
[Date "2015.08.22"]
[Round "2.16"]
[White "Betaneli, Alexander"]
[Black "Blomqvist, Erik"]
[Result "0-1"]
[WhiteElo "2218"]
[BlackElo "2508"]
[PlyCount "90"]
[EventDate "2015.08.21"]
[EventType "swiss"]
[EventRounds "10"]
[EventCountry "ESP"]
[SourceTitle "Ajedrez en Madrid"]
[Source "lmi"]
[SourceDate "2015.08.21"]
[WhiteClock "0:31:48"]
[BlackClock "0:24:14"]

1. c4 Nf6 2. g3 e6 3. Bg2 d5 4. Nf3 Be7 5. O-O O-O 6. b3 b6 7. Bb2 Bb7 8. e3
Nbd7 9. Nc3 a5 10. Rc1 Qb8 11. cxd5 exd5 12. d4 Rd8 13. Ne5 Nf8 14. h4 Ne6 15.
Qf3 c5 16. Na4 Ra6 17. Rfd1 Bd6 18. Nd3 Ne4 19. dxc5 bxc5 20. Qg4 Rc6 21. Nf4
Bxf4 22. gxf4 g6 23. h5 f5 24. Qh4 d4 25. f3 g5 26. fxg5 N4xg5 27. f4 Ne4 28.
Bxe4 fxe4 29. f5 Ng7 30. exd4 cxd4 31. Rxc6 Bxc6 32. f6 Ne6 33. f7+ Kxf7 34.
Rf1+ Ke8 35. Qg4 Qe5 36. Nb6 Qg5 37. Qxg5 Nxg5 38. Rf6 d3 39. Ba3 Ne6 40. Rxe6+
Kf7 41. Re7+ Kf6 42. Nc4 d2 43. Nxd2 Rxd2 44. Rxh7 e3 45. Rh6+ Kf5 0-1

[Event "17. Open de Sants Hostafrancs 2015"]
[Site "Barcelona ESP"]
[Date "2015.08.22"]
[Round "2.17"]
[White "Cuartas, Jaime Alexander"]
[Black "Le Ruyet, Leopold"]
[Result "1-0"]
[WhiteElo "2503"]
[BlackElo "2240"]
[PlyCount "91"]
[EventDate "2015.08.21"]
[EventType "swiss"]
[EventRounds "10"]
[EventCountry "ESP"]
[SourceTitle "Ajedrez en Madrid"]
[Source "lmi"]
[SourceDate "2015.08.21"]
[WhiteClock "0:35:20"]
[BlackClock "0:44:43"]

1. e4 e5 2. Nf3 Nc6 3. Bb5 a6 4. Bxc6 dxc6 5. Nc3 f6 6. d4 exd4 7. Qxd4 Qxd4 8.
Nxd4 c5 9. Nde2 Be6 10. Bd2 O-O-O 11. O-O-O Bd6 12. Bf4 Ne7 13. Rd2 Rd7 14. Na4
Rhd8 15. Bxd6 Rxd6 16. Rhd1 Rxd2 17. Rxd2 b6 18. Rxd8+ Kxd8 19. Nac3 Nc6 20.
Nf4 Bf7 21. Nfd5 Kd7 22. Ne3 Nd4 23. Ncd5 Kd6 24. c3 Ne6 25. f4 b5 26. Nf5+ Kc6
27. g3 c4 28. Kd2 Nc5 29. Ke3 Bxd5 30. exd5+ Kxd5 31. Nxg7 Nd7 32. g4 c5 33. h4
Nf8 34. h5 Nd7 35. Kf3 b4 36. Nf5 Nb6 37. g5 fxg5 38. fxg5 Ke6 39. Ne3 Na4 40.
h6 Kf7 41. cxb4 cxb4 42. Nxc4 b3 43. axb3 Nc5 44. Ne5+ Kg8 45. b4 Ne6 46. Ke4
1-0

[Event "17. Open de Sants Hostafrancs 2015"]
[Site "Barcelona ESP"]
[Date "2015.08.22"]
[Round "2.18"]
[White "Bru Rullo, Llatzer"]
[Black "Bailet, Pierre"]
[Result "0-1"]
[WhiteElo "2208"]
[BlackElo "2502"]
[PlyCount "72"]
[EventDate "2015.08.21"]
[EventType "swiss"]
[EventRounds "10"]
[EventCountry "ESP"]
[SourceTitle "Ajedrez en Madrid"]
[Source "lmi"]
[SourceDate "2015.08.21"]
[WhiteClock "0:19:39"]
[BlackClock "0:02:46"]

1. Nf3 Nf6 2. c4 g6 3. g3 Bg7 4. Bg2 O-O 5. O-O d6 6. Nc3 Nc6 7. d4 Bf5 8. Ne1
Qd7 9. e4 Bh3 10. Nc2 a6 11. Re1 Bxg2 12. Kxg2 e5 13. d5 Nd4 14. Ne2 Nxc2 15.
Qxc2 c6 16. Nc3 b5 17. Qb3 cxd5 18. cxd5 Rab8 19. Bd2 h5 20. h4 Ng4 21. Nd1 f5
22. Rc1 Rf7 23. Qc2 Rbf8 24. Qc6 fxe4 25. Qxd7 Rxd7 26. Bg5 Rdf7 27. Rc2 Bf6
28. Rxe4 Bxg5 29. hxg5 Rf5 30. Ree2 e4 31. Ne3 Rxf2+ 32. Rxf2 Nxe3+ 33. Kg1
Nxc2 34. Rxc2 Rf5 35. Rc8+ Kf7 36. Rc6 e3 0-1

[Event "17. Open de Sants Hostafrancs 2015"]
[Site "Barcelona ESP"]
[Date "2015.08.22"]
[Round "2.19"]
[White "Oliva Castaneda, Kevel"]
[Black "Guezennec, Franck"]
[Result "1-0"]
[WhiteElo "2488"]
[BlackElo "2228"]
[PlyCount "93"]
[EventDate "2015.08.21"]
[EventType "swiss"]
[EventRounds "10"]
[EventCountry "ESP"]
[SourceTitle "Ajedrez en Madrid"]
[Source "lmi"]
[SourceDate "2015.08.21"]

1. d4 d6 2. Nf3 Bg4 3. e4 e5 4. dxe5 Nc6 5. exd6 Bxd6 6. Bb5 Qe7 7. Bxc6+ bxc6
8. O-O Rd8 9. Qe2 Nf6 10. Re1 Nd7 11. h3 Bxf3 12. Qxf3 O-O 13. Bf4 Ne5 14. Qg3
Rb8 15. b3 f6 16. Nd2 Rfd8 17. Rad1 Bb4 18. Rf1 Bxd2 19. Rxd2 Rxd2 20. Bxd2 Nf7
21. Re1 Re8 22. Qc3 Qd7 23. Bf4 Nd8 24. Qa5 Ne6 25. Be3 c5 26. f3 Qc6 27. Rd1
Kf7 28. c4 a6 29. Rd5 g6 30. Qd2 h5 31. Qf2 a5 32. Bxc5 a4 33. Be3 Ra8 34. Qb2
h4 35. Kh2 g5 36. Bd4 Nf4 37. Rf5 axb3 38. axb3 Nh5 39. c5 Ra6 40. Qc2 Qe8 41.
Qc4+ Qe6 42. Qc1 Ke7 43. b4 Qd7 44. Bxf6+ Nxf6 45. Qxg5 Qd4 46. e5 Ra1 47.
Qxf6+ 1-0

[Event "17. Open de Sants Hostafrancs 2015"]
[Site "Barcelona ESP"]
[Date "2015.08.22"]
[Round "2.20"]
[White "Ducarmon, Quinten"]
[Black "Karasik, Evgeni"]
[Result "1-0"]
[WhiteElo "2475"]
[BlackElo "2217"]
[PlyCount "45"]
[EventDate "2015.08.21"]
[EventType "swiss"]
[EventRounds "10"]
[EventCountry "ESP"]
[SourceTitle "Ajedrez en Madrid"]
[Source "lmi"]
[SourceDate "2015.08.21"]

1. e4 c5 2. Nf3 Nc6 3. Bb5 e6 4. O-O Nge7 5. Nc3 a6 6. Bxc6 Nxc6 7. d4 cxd4 8.
Nxd4 d6 9. Re1 Be7 10. Nxc6 bxc6 11. Qg4 O-O 12. Bh6 Bf6 13. e5 dxe5 14. Rad1
Qe7 15. Ne4 Kh8 16. Be3 Rg8 17. Bc5 Qc7 18. Bd6 Qa7 19. Rd3 Be7 20. Rh3 Rd8 21.
Bxe5 f6 22. Qg6 h6 23. Ng5 1-0

[Event "17. Open de Sants Hostafrancs 2015"]
[Site "Barcelona ESP"]
[Date "2015.08.22"]
[Round "2.21"]
[White "Chirivi C, Jenny Astrid"]
[Black "Schroeder, Jan-Christian"]
[Result "0-1"]
[WhiteElo "2202"]
[BlackElo "2473"]
[PlyCount "58"]
[EventDate "2015.08.21"]
[EventType "swiss"]
[EventRounds "10"]
[EventCountry "ESP"]
[SourceTitle "Ajedrez en Madrid"]
[Source "lmi"]
[SourceDate "2015.08.21"]

1. d4 Nf6 2. c4 e6 3. Nf3 b6 4. a3 Ba6 5. Qc2 c5 6. d5 exd5 7. cxd5 g6 8. Nc3
Bg7 9. g3 O-O 10. Bg2 d6 11. O-O Re8 12. h3 b5 13. Bg5 h6 14. Bxf6 Qxf6 15.
Rfe1 Nd7 16. Nd2 Rac8 17. Nde4 Qe7 18. a4 b4 19. Nb5 Bxb5 20. axb5 Nb6 21. Ra6
f5 22. Nd2 c4 23. Rxb6 b3 24. Qc1 c3 25. Nb1 axb6 26. Kh2 Rc5 27. Bf1 Rec8 28.
Nxc3 Bxc3 29. bxc3 Qg7 {ilegible} 0-1

[Event "17. Open de Sants Hostafrancs 2015"]
[Site "Barcelona ESP"]
[Date "2015.08.22"]
[Round "2.22"]
[White "Bendayan Claros, Aaron"]
[Black "Bellia, Fabrizio"]
[Result "0-1"]
[WhiteElo "2200"]
[BlackElo "2461"]
[PlyCount "103"]
[EventDate "2015.08.21"]
[EventType "swiss"]
[EventRounds "10"]
[EventCountry "ESP"]
[SourceTitle "Ajedrez en Madrid"]
[Source "lmi"]
[SourceDate "2015.08.21"]

1. d4 Nf6 2. c4 e6 3. Nf3 b6 4. a3 Bb7 5. Nc3 d5 6. cxd5 Nxd5 7. Qc2 Nxc3 8.
bxc3 c5 9. e4 Nd7 10. Bd3 Qc7 11. O-O cxd4 12. cxd4 Qxc2 13. Bxc2 Be7 14. Bb2
O-O 15. Rac1 Rac8 16. Bd3 Bf6 17. Rfd1 Rfd8 18. e5 Be7 19. Ne1 a6 20. Rxc8 Rxc8
21. Rc1 Rxc1 22. Bxc1 b5 23. Nc2 Nb6 24. Ne3 g6 25. Kf1 Nd5 26. Nxd5 Bxd5 27.
f3 Kf8 28. Ke2 Ke8 29. g3 Kd7 30. Be4 Bc4+ 31. Kd2 b4 32. axb4 Bxb4+ 33. Kc2 a5
34. Bb2 a4 35. Ba1 h5 36. g4 h4 37. f4 a3 38. f5 g5 39. Bd3 Bd5 40. Bb5+ Kd8
41. Be2 Be1 42. fxe6 fxe6 43. Bf1 Kc7 44. h3 Kb6 45. Kd1 Bb4 46. Kc2 Ka5 47.
Kd1 Bb3+ 48. Kc1 Be7 49. Bg2 Kb5 50. Bf3 Kc4 51. Be2+ Kb4 52. Bc3+ 0-1